| 000 | 00969nam0a22002531 4500 | ||
|---|---|---|---|
| 001 | rc\2763687 | ||
| 005 | 20110915171750.0 | ||
| 035 | _a(NLR Aleph) 006890217 | ||
| 090 |
_a7138777 _c7138777 |
||
| 100 | _a20110915d1940 |||y0rusy50 ca | ||
| 101 | 0 | _arus | |
| 102 | _aRU | ||
| 105 | _ay g ||||| | ||
| 200 | 1 |
_aСправочник сельского санитарного уполномоченного _fТ. Я. Ткачев, И. Я. Бычков, Я. Н. Трахтман _gПод ред. проф. Т. Я. Твачева |
|
| 210 |
_aМосква _aЛенинград _cМедгиз _d1940 _eМосква |
||
| 215 |
_a40 с. _d19 см. |
||
| 700 | 1 |
_aТкачев _bТ. Я. _f1885- _gТихон Яковлевич |
|
| 701 | 1 |
_aТрахтман _bЯ. Н. _gЯков Наумович |
|
| 701 | 1 |
_aБычков _bИ. Я. _gИосиф Яковлевич |
|
| 801 | 0 |
_aRU _bNLR _gpsbo |
|
| 801 | 1 |
_aRU _bELAR _2rusmarc |
|
| 852 |
_aNLR _j40-10/1158 |
||
| 942 | _cBOOK | ||
| 980 | _aNB | ||